000 00720nam a2200217Ia 4500
005 20241129110913.0
008 241129s9999||||xx |||||||||||||| ||und||
020 _a978-93-81582-42-8
037 _aTB
040 _aCRL
_bhin
_cCRL
041 _ahin
_2hin
084 _aO152,1NNA:g Q3
_qCRL
100 _aरमा, संपा.
245 0 _aनागार्जुन और समकालीन विर्मश
_cरमा, संपा.
260 _aनई दिल्ली, भारत
_bस्वराज प्रकाशन
_c2013
300 _a223पृ0
365 _aINR
_b495
650 _aHindi literaturePoetry
942 _cTB
_hO152,1NNA:g Q3
999 _c1228036
_d1228036